[Event "Caribbean Carnival U20"]
[Site "Port of Spain"]
[Date "2015.08.12"]
[Round "7.9"]
[White "Sealy, Gerard"]
[Black "Smith, Javanna"]
[Result "0-1"]
[WhiteElo "1469"]
[BlackElo "1775"]
[PlyCount "66"]
[EventDate "2015.08.09"]
[EventType "swiss"]
[EventRounds "7"]
[EventCountry "TRI"]
[SourceTitle "EXT 2024"]
[Source "ChessBase"]
[SourceDate "2023.10.10"]
[SourceVersion "1"]
[SourceVersionDate "2023.10.10"]
[SourceQuality "1"]

1. e4 c5 2. d4 cxd4 3. c3 d3 4. Bxd3 Nc6 5. Nf3 d6 6. 0-0 Nf6 7. h3 e6 8. Qe2 a6 9. c4 Nb4 10. Rd1 Qc7 11. b3 Be7 12. e5 Nxd3 13. Rxd3 dxe5 14. Nxe5 0-0 15. Bf4 Bd6 16. c5 Nd5 17. cxd6 Nxf4 18. dxc7 Nxe2+ 19. Kf1 Nf4 20. Rd8 Nd5 21. Na3 Nxc7 22. Rad1 Nd5 23. Rxf8+ Kxf8 24. Nac4 f6 25. Nf3 b5 26. Nd6 Ke7 27. Nxc8+ Rxc8 28. Ke1 Rc2 29. Rd2 Rc1+ 30. Ke2 Nf4+ 31. Ke3 Nxg2+ 32. Ke4 f5+ 33. Ke5 Rc5+ 0-1

[Event "De Verteuil Memorial 21st"]
[Site "Port of Spain"]
[Date "2013.11.21"]
[Round "6"]
[White "Smith, Javanna"]
[Black "Davis, Daryl"]
[Result "1/2-1/2"]
[WhiteElo "1700"]
[BlackElo "1804"]
[PlyCount "31"]
[EventDate "2013.10.17"]
[EventType "swiss"]
[EventRounds "7"]
[EventCountry "TRI"]
[SourceTitle "CBM 157 Extra"]
[Source "ChessBase"]
[SourceDate "2013.12.19"]
[SourceVersion "1"]
[SourceVersionDate "2013.12.19"]
[SourceQuality "1"]

1. e4 e5 2. Nf3 Nc6 3. Bb5 a6 4. Ba4 Be7 5. 0-0 Nf6 6. Re1 0-0 7. d4 exd4 8. Nxd4 Nxd4 9. Qxd4 c5 10. Qd3 b5 11. e5 Ne8 12. Qe4 Rb8 13. Bb3 Bb7 14. Bd5 Bxd5 15. Qxd5 Nc7 16. Qf3 1/2-1/2

[Event "Pan American-ch U16 Girls 24th"]
[Site "Pocos de Caldas"]
[Date "2013.07.30"]
[Round "7.9"]
[White "Alboredo, Julia"]
[Black "Smith, Javanna"]
[Result "1/2-1/2"]
[WhiteElo "1826"]
[BlackElo "1676"]
[PlyCount "78"]
[EventDate "2013.07.25"]
[EventType "swiss"]
[EventRounds "9"]
[EventCountry "BRA"]
[SourceTitle "EXT 2022"]
[Source "ChessBase"]
[SourceDate "2021.10.06"]
[SourceVersion "1"]
[SourceVersionDate "2021.10.06"]
[SourceQuality "1"]

1. e4 c5 2. Nf3 d6 3. d4 cxd4 4. Qxd4 a6 5. Be3 Nc6 6. Qb6 Qxb6 7. Bxb6 Nf6 8. Nc3 Nd7 9. Be3 e6 10. Rd1 Nde5 11. Nxe5 dxe5 12. a3 b5 13. Na2 Rb8 14. b4 a5 15. c3 axb4 16. cxb4 Be7 17. Nc3 Ba6 18. Be2 0-0 19. 0-0 Rfc8 20. Nb1 h6 21. Rd2 Rd8 22. Rfd1 Kf8 23. Rxd8+ Bxd8 24. Nc3 Be7 25. f3 Ke8 26. Kf2 f6 27. Na2 Nd8 28. Rb1 Nf7 29. Bc5 Rc8 30. a4 Bxc5+ 31. bxc5 Rxc5 32. axb5 Bb7 33. Rc1 Rxc1 34. Nxc1 Kd7 35. Nb3 Kd6 36. Bc4 Nd8 37. Ke2 g6 38. Kd2 f5 39. Na5 Ba8 1/2-1/2

[Event "Pan American-ch U16 Girls 24th"]
[Site "Pocos de Caldas"]
[Date "2013.07.30"]
[Round "8.7"]
[White "Smith, Javanna"]
[Black "Perez, Dalila"]
[Result "0-1"]
[WhiteElo "1676"]
[BlackElo "1764"]
[PlyCount "54"]
[EventDate "2013.07.25"]
[EventType "swiss"]
[EventRounds "9"]
[EventCountry "BRA"]
[SourceTitle "EXT 2022"]
[Source "ChessBase"]
[SourceDate "2021.10.06"]
[SourceVersion "1"]
[SourceVersionDate "2021.10.06"]
[SourceQuality "1"]

1. e4 e6 2. d4 d5 3. Nd2 Nf6 4. e5 Nfd7 5. Bd3 c5 6. c3 Nc6 7. Ne2 g6 8. Nf3 Bg7 9. Be3 cxd4 10. cxd4 Qb6 11. Qd2 Qb4 12. Nc3 f6 13. a3 Qe7 14. exf6 Nxf6 15. 0-0 0-0 16. h3 Bd7 17. Rac1 a6 18. Rfe1 Rac8 19. Bg5 Qf7 20. Qe3 Rcd8 21. Ne2 Bc8 22. a4 Nd7 23. Bh6 e5 24. Bxg7 Kxg7 25. dxe5 Ndxe5 26. Nxe5 Nxe5 27. Qd4 Bxh3 0-1

[Event "Pan American-ch U16 Girls 24th"]
[Site "Pocos de Caldas"]
[Date "2013.07.26"]
[Round "1.4"]
[White "Smith, Javanna"]
[Black "Salcedo, Jackeline"]
[Result "1/2-1/2"]
[WhiteElo "1676"]
[BlackElo "1943"]
[PlyCount "95"]
[EventDate "2013.07.25"]
[EventType "swiss"]
[EventRounds "9"]
[EventCountry "BRA"]
[SourceTitle "EXT 2022"]
[Source "ChessBase"]
[SourceDate "2021.10.06"]
[SourceVersion "1"]
[SourceVersionDate "2021.10.06"]
[SourceQuality "1"]

1. e4 c6 2. d4 d5 3. Nc3 dxe4 4. Nxe4 Bf5 5. Ng3 Bg6 6. Nf3 Nd7 7. h4 h6 8. h5 Bh7 9. Bd3 Bxd3 10. Qxd3 e6 11. Bf4 Qa5+ 12. Qd2 Qb6 13. c3 Ngf6 14. Ne5 Nxe5 15. Bxe5 0-0-0 16. Qe2 Be7 17. 0-0 Bd6 18. Bxd6 Rxd6 19. b3 Rhd8 20. Ne4 Rd5 21. Nxf6 gxf6 22. Qf3 Rf5 23. Qg4 Rg5 24. Qf4 Rdg8 25. Qf3 Rf5 26. Qh3 Qa5 27. b4 Qd5 28. g3 Rxh5 29. Qg2 Qxg2+ 30. Kxg2 Rhg5 31. Rh1 R5g6 32. Rh4 a5 33. a3 a4 34. Rah1 Kd7 35. Rxh6 b5 36. Rxg6 Rxg6 37. Rh7 Ke7 38. Rh8 Rg7 39. Kf3 Kd6 40. Rd8+ Kc7 41. Re8 Rh7 42. Rf8 f5 43. Kf4 Rh1 44. Ke5 Re1+ 45. Kf6 Kd6 46. Rd8+ Kc7 47. Rf8 Kd6 48. Rd8+ 1/2-1/2

[Event "Pan American-ch U14 Girls"]
[Site "Cali"]
[Date "2011.07.07"]
[Round "8"]
[White "Clavijo, Indira"]
[Black "Smith, Javanna"]
[Result "1-0"]
[WhiteElo "1640"]
[BlackElo "1684"]
[PlyCount "81"]
[EventDate "2011.07.03"]
[EventType "swiss"]
[EventRounds "9"]
[EventCountry "COL"]
[SourceTitle "CBM 143 Extra"]
[Source "ChessBase"]
[SourceDate "2011.08.29"]
[SourceVersion "1"]
[SourceVersionDate "2011.08.29"]
[SourceQuality "1"]

1. e4 c5 2. Nf3 d6 3. d4 cxd4 4. Nxd4 Nf6 5. Nc3 a6 6. Be3 Nc6 7. f3 e6 8. Qd2 Qc7 9. 0-0-0 Be7 10. g4 b5 11. Nxc6 Qxc6 12. h4 b4 13. Ne2 Rb8 14. Nd4 Qc7 15. h5 Nd7 16. g5 Nc5 17. Kb1 Na4 18. Nb3 a5 19. Qd4 e5 20. Qa7 Qxa7 21. Bxa7 Ra8 22. Be3 Be6 23. Bb5+ Bd7 24. Bxd7+ Kxd7 25. Nd2 Rac8 26. Nb3 Bd8 27. Rd5 Ra8 28. Rhd1 Bc7 29. Rxe5 Rhe8 30. Rxe8 Rxe8 31. Bd4 g6 32. hxg6 hxg6 33. Rh1 Ke6 34. Bf6 Nc5 35. Nd4+ Kd7 36. Nb5 Bd8 37. Bxd8 Rxd8 38. Rd1 Nb7 39. c3 Kc6 40. Nd4+ Kc5 41. cxb4+ 1-0